| 000 | 00478 a2200169 4500 | ||
|---|---|---|---|
| 005 | 20250501080957.0 | ||
| 020 | _a978-0-13-207964-8 | ||
| 082 | _a658. 3 ROB | ||
| 100 | _aROBBINS, S. P. | ||
| 245 | _aOrganizational Behavior | ||
| 250 | _a13th Ed. | ||
| 260 |
_aLondon, _bPrentice Hall, _c2009. |
||
| 300 |
_a750p.: ill.; picture, table. _bIndex. _c28cm. |
||
| 700 | _aJUDGE, T. A. | ||
| 856 |
_yAccess online book _fOrganizational Behavior _dwww.prenhall.com |
||
| 942 |
_2ddc _cBKS |
||
| 999 |
_c1868 _d1868 |
||